01197nam a2200217Ia 4500952010800000999001700108008004100125020001500166050002100181100003800202245008900240250001900329260003400348300002400382500004900406504003300455505040100488519004300889650003500932942001200967 00104070a03b03d2001-05-15l3oPN594 A57 1993p03 003352r2017-01-18s2017-01-18t1w2012-07-20yLB c80380d80380120720s1993 mx 000 0 spa d a9684323492 aPN594 bA57 1993 aÁlvarez, María Edméeeautor13aLa literatura universal a través de autores selectosc / María Edmée Álvarez a22a. edición aMéxicob : Porrúac, 1993 axiv, 392 páginas  aIncluye: índice alfabético (pp. 385-387) aBibliografía (pp. 389-392) aEl arte Loso géneros y subgéneros literarios Literatura india Literatura hebrea Literatura griega Literatura latina La literatura en la edad media La literatura renacentista La literatura neoclásica El romanticismo La literatura moderna La poesía moderna del siglo XIX El teatro moderno de fin de siglo La literatura contemporánea La poesía contemporánea El teatro contemporáneo  aMaterial Complementario /d(03 003352) 0aLITERATURAxHISTORIA Y CRITICA 2lcccLB